[Event "Criciuma op-B"]
[Site "Criciuma"]
[Date "2024.01.17"]
[Round "8"]
[White "Gomes, Joao Paulo Santos"]
[Black "Batista, Leonardo Antonio"]
[Result "1-0"]
[WhiteElo "1514"]
[BlackElo "1640"]
[PlyCount "41"]
[EventDate "2024.01.12"]
[EventType "swiss"]
[EventRounds "9"]
[EventCountry "BRA"]
[SourceTitle "CB04_2024"]
[SourceDate "2023.10.16"]
[SourceVersion "1"]
[SourceVersionDate "2023.10.16"]
[SourceQuality "1"]

1. c4 e5 2. g3 Nc6 3. Nc3 f5 4. Bg2 Nf6 5. e3 Bc5 6. Nge2 d6 7. 0-0 0-0 8. d4 Bb6 9. Na4 Qe7 10. Nxb6 axb6 11. a3 Bd7 12. b4 Nxb4 13. Bxb7 Nc6 14. Bxa8 Rxa8 15. Bb2 Na5 16. Rc1 Be6 17. dxe5 dxe5 18. Bxe5 Bxc4 19. Bxf6 Qxf6 20. Rxc4 Nxc4 21. Qd5+ 1-0

[Event "Criciuma op-B"]
[Site "Criciuma"]
[Date "2024.01.12"]
[Round "1"]
[White "De Souza, Murilo Duarte"]
[Black "Gomes, Joao Paulo Santos"]
[Result "0-1"]
[WhiteElo "1800"]
[BlackElo "1514"]
[PlyCount "74"]
[EventDate "2024.01.12"]
[EventType "swiss"]
[EventRounds "9"]
[EventCountry "BRA"]
[SourceTitle "CB04_2024"]
[SourceDate "2023.10.16"]
[SourceVersion "1"]
[SourceVersionDate "2023.10.16"]
[SourceQuality "1"]

1. e4 c5 2. Nc3 d6 3. f4 Nc6 4. Nf3 g6 5. Bb5 Bg7 6. 0-0 e6 7. d3 Nge7 8. Be3 0-0 9. Bxc6 Nxc6 10. e5 b6 11. d4 cxd4 12. Nxd4 Ne7 13. Nf3 Nf5 14. Bf2 dxe5 15. Nxe5 Bb7 16. Qxd8 Rfxd8 17. Rfd1 Nd6 18. Bh4 f6 19. Ng4 Kf7 20. Ne5+ fxe5 21. Bxd8 Rxd8 22. Nb5 Ke7 23. Nxd6 Rxd6 24. Rxd6 Kxd6 25. Rd1+ Ke7 26. fxe5 Bxe5 27. b3 Bd6 28. Kf2 e5 29. g3 Ke6 30. c4 Bc5+ 31. Ke2 Bc6 32. Rd8 Kf5 33. Rh8 h5 34. Rh7 a5 35. Rc7 Be4 36. Rc8 Bb1 37. Kd2 Kg4 0-1

[Event "Florianopolis op-C"]
[Site "Florianopolis"]
[Date "2023.09.24"]
[Round "5"]
[White "Pontes, Luiz Felizola Lima"]
[Black "Gomes, Joao Paulo Santos"]
[Result "0-1"]
[WhiteElo "1456"]
[BlackElo "1518"]
[PlyCount "142"]
[EventDate "2023.09.22"]
[EventType "swiss"]
[EventRounds "6"]
[EventCountry "BRA"]
[SourceTitle "EXT 2024"]
[Source "ChessBase"]
[SourceDate "2023.10.10"]
[SourceVersion "1"]
[SourceVersionDate "2023.10.10"]
[SourceQuality "1"]

1. e4 c5 2. Nf3 d6 3. d4 cxd4 4. Nxd4 Nf6 5. Nc3 g6 6. Be3 Bg7 7. f3 Nc6 8. Qd2 0-0 9. 0-0-0 d5 10. Qe1 e5 11. Nxc6 bxc6 12. exd5 Nxd5 13. Nxd5 cxd5 14. g4 Qf6 15. Be2 d4 16. Bd2 Be6 17. Kb1 Bd5 18. Qg3 Qb6 19. Bd3 Rfb8 20. Bc1 a5 21. Be4 Qe6 22. Bxd5 Qxd5 23. c3 Qc4 24. cxd4 exd4 25. h4 a4 26. a3 d3 27. Rd2 Rb3 28. Rhh2 Rc8 29. Rh1 Rcb8 30. Rhh2 Qc5 31. Ka1 Rxa3+ 32. Kb1 Be5 33. f4 Rc3 34. Rh1 Bd6 35. Rxd3 Rxd3 36. Qxd3 a3 37. Rd1 Bf8 38. Re1 Qb4 39. Re2 Qa4 40. Re4 Qc6 41. Rc4 Qb6 42. Rc2 axb2 43. Rxb2 Qc7 44. Rxb8 Qxb8+ 45. Kc2 Qc8+ 46. Kb1 Qxg4 47. Bb2 Qxf4 48. Qc3 f6 49. Qb3+ Kg7 50. Qb7+ Kg8 51. Qd5+ Kg7 52. Qd7+ Kg8 53. Qd5+ Kg7 54. Qd7+ Kh8 55. Qf7 Qe4+ 56. Ka2 Bg7 57. Qd7 Qa8+ 58. Kb1 Qf8 59. Qc7 h5 60. Qf4 Kh7 61. Kc2 f5 62. Bc1 Qc5+ 63. Kd3 Qc3+ 64. Ke2 Qe5+ 65. Qxe5 Bxe5 66. Bg5 Kg7 67. Ke3 Bf6 68. Kf4 Bxg5+ 69. hxg5 Kf7 70. Ke5 h4 71. Kf4 Ke6 0-1

[Event "Taubate op 2nd"]
[Site "Taubate"]
[Date "2021.12.17"]
[Round "3"]
[White "Gomes, Joao Paulo Santos"]
[Black "Kruger, Israel"]
[Result "0-1"]
[WhiteElo "1521"]
[BlackElo "1883"]
[PlyCount "82"]
[EventDate "2021.12.16"]
[EventType "swiss"]
[EventRounds "6"]
[EventCountry "BRA"]
[SourceTitle "CBM 206 Extra"]
[Source "ChessBase"]
[SourceDate "2022.03.31"]
[SourceVersion "1"]
[SourceVersionDate "2022.03.31"]
[SourceQuality "1"]

1. c4 e5 2. g3 Nc6 3. Nc3 f5 4. Bg2 Nf6 5. d3 Bb4 6. Bd2 Bxc3 7. Bxc3 d6 8. e3 0-0 9. Ne2 Qe8 10. 0-0 Bd7 11. a3 Kh8 12. b4 Qh5 13. b5 Nd8 14. d4 e4 15. a4 d5 16. cxd5 Nxd5 17. Bb2 c6 18. bxc6 Bxc6 19. Nc3 Qxd1 20. Rfxd1 Ne6 21. Nxd5 Bxd5 22. Rdc1 Rfc8 23. Bf1 Kg8 24. Bb5 Rd8 25. Bc4 Kf7 26. Bxd5 Rxd5 27. Rc4 Ke7 28. Ba3+ Kd7 29. Rac1 g5 30. Kg2 Rg8 31. Bb4 h5 32. a5 f4 33. Bc5 f3+ 34. Kf1 Rc8 35. h3 b6 36. axb6 axb6 37. Bb4 Rxc4 38. Rxc4 Nd8 39. Ke1 Nc6 40. Bc3 Kd6 41. Kd2 Ne5 0-1

[Event "Sao Jose dos Campos op"]
[Site "Sao Jose dos Campos"]
[Date "2021.10.12"]
[Round "7"]
[White "Gomes, Joao Paulo Santos"]
[Black "Baeta, Marcio Netto"]
[Result "0-1"]
[WhiteElo "1525"]
[BlackElo "1906"]
[PlyCount "103"]
[EventDate "2021.10.09"]
[EventType "swiss"]
[EventRounds "7"]
[EventCountry "BRA"]
[SourceTitle "CBM 204 Extra"]
[Source "ChessBase"]
[SourceDate "2021.11.30"]
[SourceVersion "1"]
[SourceVersionDate "2021.11.30"]
[SourceQuality "1"]

1. c4 b6 2. Nc3 Bb7 3. e4 e5 4. Nf3 d6 5. g3 f5 6. d3 fxe4 7. dxe4 Nf6 8. Bg5 Be7 9. Bxf6 Bxf6 10. Bg2 0-0 11. 0-0 Nd7 12. Ne1 Nc5 13. Nc2 a5 14. Ne3 Bg5 15. Qe2 Bxe3 16. Qxe3 Ne6 17. f4 Nd4 18. Rad1 c5 19. f5 Bc6 20. g4 h6 21. Rf2 Qg5 22. Qxg5 hxg5 23. Rdf1 Rf7 24. Bh1 g6 25. h3 Raf8 26. Rh2 Kg7 27. h4 Rh8 28. hxg5 Rxh2 29. Kxh2 Ne6 30. Rd1 Nd4 31. Kg3 Rf8 32. Bg2 Rh8 33. Rd2 Kf7 34. Ne2 Rg8 35. Nxd4 cxd4 36. Bf1 gxf5 37. exf5 Rxg5 38. Kh4 Kf6 39. Kg3 Be4 40. Bd3 d5 41. cxd5 Bxd5 42. Bb1 Rg8 43. Rh2 e4 44. Rh6+ Ke5 45. Rxb6 d3 46. Rb5 d2 47. Bc2 Kd4 48. Rxd5+ Kxd5 49. Kf4 Rc8 50. Bxe4+ Kd4 51. Bf3 Rc1 52. Kg5 0-1

[Event "Sao Jose dos Campos op"]
[Site "Sao Jose dos Campos"]
[Date "2021.10.12"]
[Round "6"]
[White "Sampaio, Andre Luiz"]
[Black "Gomes, Joao Paulo Santos"]
[Result "0-1"]
[WhiteElo "1655"]
[BlackElo "1525"]
[PlyCount "62"]
[EventDate "2021.10.09"]
[EventType "swiss"]
[EventRounds "7"]
[EventCountry "BRA"]
[SourceTitle "CBM 204 Extra"]
[Source "ChessBase"]
[SourceDate "2021.11.30"]
[SourceVersion "1"]
[SourceVersionDate "2021.11.30"]
[SourceQuality "1"]

1. e4 c5 2. Nf3 d6 3. d4 cxd4 4. Nxd4 Nf6 5. Nc3 g6 6. Be3 Bg7 7. f3 0-0 8. Qd2 Nc6 9. 0-0-0 d5 10. Nxc6 bxc6 11. Bh6 e5 12. Bxg7 Kxg7 13. exd5 cxd5 14. Nxd5 Nxd5 15. Qxd5 Qc7 16. Qd6 Qxd6 17. Rxd6 Be6 18. b3 Rfc8 19. Bd3 a5 20. a4 Bxb3 21. Re1 Rc5 22. Kd2 Bxa4 23. Ra1 Be8 24. c4 Kf8 25. Rb6 Ke7 26. Kc3 Ra7 27. Rbb1 f5 28. Re1 Rac7 29. Ra3 Bf7 30. Kd2 Rd7 31. Kc3 Rxd3+ 0-1

[Event "Sudeste/Centro-Oeste-ch U1600"]
[Site "Barbacena"]
[Date "2019.10.26"]
[Round "2"]
[White "Gomes, Joao Paulo Santos"]
[Black "Ramos, Eduardo Pereira"]
[Result "1-0"]
[WhiteElo "1588"]
[BlackElo "1800"]
[PlyCount "188"]
[EventDate "2019.10.25"]
[EventType "swiss"]
[EventRounds "6"]
[EventCountry "BRA"]
[SourceTitle "CBM 193 Extra"]
[Source "ChessBase"]
[SourceDate "2020.01.31"]
[SourceVersion "1"]
[SourceVersionDate "2020.01.31"]
[SourceQuality "1"]

1. c4 Nf6 2. g3 g6 3. Bg2 Bg7 4. Nf3 0-0 5. 0-0 c5 6. Nc3 Nc6 7. d4 cxd4 8. Nxd4 Qb6 9. e3 a6 10. b3 d6 11. Bb2 Bg4 12. Qd2 Rac8 13. h3 Bd7 14. Rac1 Qb4 15. Rfd1 Qa5 16. Na4 Qh5 17. Qe2 Qxe2 18. Nxe2 Rc7 19. c5 dxc5 20. Nxc5 Bc8 21. Kh2 Rd8 22. Nxa6 Rxd1 23. Nxc7 Rd2 24. Bxf6 Bxf6 25. Nc3 Rxf2 26. Kg1 Rd2 27. Ne4 Rxa2 28. Nxf6+ exf6 29. h4 Rb2 30. Bd5 Bd7 31. Rd1 Kg7 32. Bf3 Ne5 33. Bxb7 Rxb3 34. Ba6 Rxe3 35. Kf2 Ra3 36. Be2 Ng4+ 37. Bxg4 Bxg4 38. Rd6 Rf3+ 39. Kg2 Kf8 40. Rb6 Rc3 41. Rb8+ Kg7 42. Ne8+ Kh6 43. Nxf6 Rc2+ 44. Kg1 Bh3 45. Ne4 Re2 46. Nf2 Re1+ 47. Kh2 Re2 48. Kg1 Be6 49. Rd8 Kg7 50. Rd4 h5 51. Kf1 Rc2 52. Ke1 Kh6 53. Ne4 Rg2 54. Rd2 Rxd2 55. Kxd2 Kg7 56. Kd3 f5 57. Ng5 Kf6 58. Kd4 Bg8 59. Nf3 Ba2 60. Ng5 Bb3 61. Nh7+ Ke7 62. Ke5 Bg8 63. Nf6 Bf7 64. Nh7 Bb3 65. Kf4 Bg8 66. Ng5 Kd6 67. Nf3 Bd5 68. Ne5 Ke6 69. Nxg6 Kf6 70. Ne5 Be6 71. Nc6 Bd7 72. Nb4 Be6 73. Nd3 Bd5 74. Nc5 Bc6 75. Nd3 Bd5 76. Ke3 Be4 77. Nf4 Kg7 78. Nxh5+ Kg6 79. Nf4+ Kh7 80. Kd4 Bb1 81. Ke5 Kg7 82. Ne6+ Kh6 83. Kf4 Kg6 84. Nd4 Be4 85. h5+ Kf6 86. h6 Kg6 87. h7 Kxh7 88. Nxf5 Bxf5 89. Kxf5 Kh8 90. Kg6 Kg8 91. g4 Kh8 92. Kh6 Kg8 93. g5 Kh8 94. g6 Kg8 1-0

[Event "Sao Paulo op-C U1700 8th"]
[Site "Sao Paulo"]
[Date "2019.10.20"]
[Round "6"]
[White "Peres, Sergio Moreira"]
[Black "Gomes, Joao Paulo Santos"]
[Result "0-1"]
[WhiteElo "1545"]
[BlackElo "1588"]
[PlyCount "134"]
[EventDate "2019.10.17"]
[EventType "swiss"]
[EventRounds "6"]
[EventCountry "BRA"]
[SourceTitle "CBM 192 Extra"]
[Source "Chessbase"]
[SourceDate "2019.11.06"]
[SourceVersion "1"]
[SourceVersionDate "2019.11.06"]
[SourceQuality "1"]

1. e4 c5 2. d3 d6 3. Nf3 Nf6 4. g3 g6 5. Bg2 Bg7 6. 0-0 0-0 7. Nbd2 Nc6 8. c3 Bd7 9. Re1 Rc8 10. Nf1 Ng4 11. h3 Nge5 12. N1h2 c4 13. d4 Nd3 14. Rf1 b5 15. Ne1 Nxc1 16. Qxc1 b4 17. Nc2 a5 18. Ne3 Qc7 19. Nd5 Qd8 20. h4 Be6 21. Ne3 Na7 22. Nf3 Qc7 23. Ng5 Rb8 24. Nxe6 fxe6 25. Bh3 e5 26. d5 b3 27. a3 Bh6 28. Be6+ Kh8 29. Qe1 Qc5 30. Ng4 Bg7 31. Qe2 Nb5 32. Ne3 Nc7 33. Bh3 Ne8 34. Qxc4 Qa7 35. Qe2 Nf6 36. Ng4 Nh5 37. Qe3 Qc7 38. Nh2 Qc4 39. Rae1 Nf6 40. Nf3 Ne8 41. Qe2 Qxe2 42. Rxe2 Rxf3 43. Kg2 Rf6 44. Rh1 Nc7 45. c4 Na6 46. h5 Rbf8 47. hxg6 Rxg6 48. Bf5 Rh6 49. Re3 Rxh1 50. Kxh1 Nc5 51. Kg2 Bh6 52. Re1 Rf6 53. Rd1 Kg7 54. Kf1 Rf8 55. Ke2 Bg5 56. Rg1 h6 57. Rd1 Rb8 58. Rg1 Rb7 59. f4 Bf6 60. fxe5 Bxe5 61. g4 Kf6 62. Rh1 Bf4 63. Rf1 Ke5 64. Kf3 Bg5 65. Rd1 Na4 66. Rb1 Rc7 67. Bg6 Rxc4 0-1